Welcome to CU Library Online Public Access Catalogue (OPAC)

Operations management (Record no. 5809)

MARC details
000 -LEADER
fixed length control field 00382nam a22001577a 4500
005 - DATE AND TIME OF LATEST TRANSACTION
control field 20250516123953.0
008 - FIXED-LENGTH DATA ELEMENTS--GENERAL INFORMATION
fixed length control field 250516b |||||||| |||| 00| 0 eng d
020 ## - INTERNATIONAL STANDARD BOOK NUMBER
International Standard Book Number 9788122425871
050 ## - LIBRARY OF CONGRESS CALL NUMBER
Classification number HD 31 KUM
Item number 1
100 ## - MAIN ENTRY--PERSONAL NAME
Personal name KUMAR, S.Anil
245 ## - TITLE STATEMENT
Title Operations management
260 ## - PUBLICATION, DISTRIBUTION, ETC.
Place of publication, distribution, etc. New Delhi
Name of publisher, distributor, etc. New Age
Date of publication, distribution, etc. 2009p
300 ## - PHYSICAL DESCRIPTION
Extent xii,277p
700 ## - ADDED ENTRY--PERSONAL NAME
Personal name SURESH .N
942 ## - ADDED ENTRY ELEMENTS (KOHA)
Source of classification or shelving scheme Library of Congress Classification
Koha item type Books
Suppress in OPAC No
999 ## -
-- 5809
-- 5809
Holdings
Withdrawn status Lost status Source of classification or shelving scheme Damaged status Not for loan Collection Home library Current library Shelving location Date acquired Total checkouts Full call number Barcode Date last seen Copy number Price effective from Koha item type
    Library of Congress Classification     Non-fiction Graduate Library (Christ Temple) Graduate Library (Christ Temple) General stacks 05/16/2025   HD 31 KUM GSCT00001207 05/16/2025 1 05/16/2025 Books
    Library of Congress Classification     Non-fiction Graduate Library (Christ Temple) Graduate Library (Christ Temple) General stacks 05/16/2025   HD 31 KUM GSCT00001208 05/16/2025 2 05/16/2025 Books
    Library of Congress Classification     Non-fiction Graduate Library (Christ Temple) Graduate Library (Christ Temple) General stacks 05/16/2025   HD 31 KUM GSCT00001209 05/16/2025 3 05/16/2025 Books
    Library of Congress Classification     Non-fiction Graduate Library (Christ Temple) Graduate Library (Christ Temple) General stacks 05/16/2025   HD 31 KUM GSCT00001210 05/16/2025 4 05/16/2025 Books
    Library of Congress Classification     Non-fiction Graduate Library (Christ Temple) Graduate Library (Christ Temple) General stacks 05/16/2025   HD 31 KUM GSCT00001211 05/16/2025 5 05/16/2025 Books
© 2023-2024 Copyright: Central University Libraries. All Rights Reserved | Created by: Mahone Tech Office